| 000 | 00643nam a2200205Ia 4500 | ||
|---|---|---|---|
| 001 | 23792 | ||
| 003 | GE_BSU | ||
| 008 | 181216s||||||||xx |||||||||||||| ||und|| | ||
| 040 | _cGE_BSU | ||
| 245 | _aГорная механика и машиностроение № 3. 2018 | ||
| 245 | _bНаучно-технический журнал | ||
| 245 | _cГл. ред. В.Я. Прушак | ||
| 260 | _aМинск | ||
| 260 | _c2018г. | ||
| 300 | _a95с;29см; | ||
| 653 | _aГорная механика и машиностроение № 3. 2018 | ||
| 653 | _aПериодика | ||
| 653 | _aპერიოდიკა | ||
| 942 | _cCR | ||
| 999 |
_c56670 _d56670 |
||